Vowel States Quiz Stats

 Plays Quiz Updated Aug 20, 2012

Support Sporcle.
Go Orange.
Score 0/10 Timer 02:00
2 Plays Today
State % Correct
Ohio
78.8%
Iowa
76.3%
Alabama
74.9%
Hawaii
68.4%
Maine
66.8%
Idaho
66.5%
Indiana
58.3%
Georgia
58.2%
Arizona
57.7%
Louisiana
45.7%

You're not logged in!

Compare scores with friends on all Sporcle quizzes.
OR
Log In

From the Vault

US Presidents Venn Diagram

by chaosBEE

We didn't know there was a president named Venn.
Remove Ads.
Support Sporcle.
Get the best of Sporcle when you Go Orange. This ad-free experience offers more features, more stats, and more fun while also helping to support Sporcle. Thank you for becoming a member.

Show Comments

Extras

Top Quizzes Today


Score Distribution

Your Account Isn't Verified!

In order to create a playlist on Sporcle, you need to verify the email address you used during registration. Go to your Sporcle Settings to finish the process.

Report this User

Report this user for behavior that violates our Community Guidelines.

Details: